| 000 | 01483nam a22002657a 4500 | ||
|---|---|---|---|
| 005 | 20100102095829.0 | ||
| 008 | 100102t xxu||||| |||| 00| 0 hin d | ||
| 010 | _aHIN-88867 | ||
| 020 |
_c250.00 _a8188570524 |
||
| 035 | _aHN-61213 | ||
| 037 | _bDBAD / PUB | ||
| 040 |
_aDPL _bHN |
||
| 082 | _a820.8 | ||
| 245 |
_aअश्रुत साहित्यसेवीः _cबापूराव देसाई द्वारा संपादित _b(डॉ सूर्यनारायण शुक्ल) / |
||
| 246 |
_aAsshru Sahityseve: _bed by Bapurav Desai |
||
| 260 |
_aकानपुर _bविकास प्रकाशन _c2008 |
||
| 270 |
_a311 सी. विश्व बैंक बर्रा _bकानपुर _e208027 |
||
| 300 |
_a176पृ. _c22सेमी (सजिल्द) |
||
| 650 |
_aहिन्दी साहित्य _xइतिहास एवं समालोचना _97869 |
||
| 650 |
_aHindi literature _xHistory and criticism _97870 |
||
| 650 |
_aहिन्दी साहित्य _xइतिहास एवं समालोचना _97871 |
||
| 700 |
_aदेसाई, बापूराव _97872 |
||
| 942 |
_2ddc _cHN _h820.8 _mअश्रुत |
||
| 999 |
_c33457 _d33457 |
||